| 000 | 01412nam0a22003131 4500 | ||
|---|---|---|---|
| 001 | rc\2373421 | ||
| 005 | 20180220114047.1 | ||
| 035 | _a(NLR Aleph) 006687593 | ||
| 090 |
_a5126075 _c5126075 |
||
| 100 | _a20110829d1976 |||y0rusy50 ca | ||
| 101 | 0 | _arus | |
| 102 | _aRU | ||
| 105 | _ay z ||||| | ||
| 200 | 1 |
_aВопросы грамматического строя и словообразования в русских народных говорах _eМежвуз. науч. сборник _fПетрозавод. гос. ун-т им. О.В. Куусинена _g[Ред. коллегия: проф. А.С. Герд (отв. ред.) и др.] |
|
| 210 |
_aПетрозаводск _cПетрозавод. ун-т _d1976 |
||
| 215 |
_a125 с. _d21 |
||
| 606 |
_aСловообразование в русском языке _jСборники _2rkp |
||
| 606 |
_aРусский язык _xДиалекты _jСборники _xГрамматика _2rkp |
||
| 702 | 1 |
_aГерд _bА. С. _gАлександр Сергеевич _4340 |
|
| 712 | 0 | 2 |
_aПетрозаводский государственный университет _3RU\NLR\AUTH\889931527 _4570 |
| 801 | 0 |
_aRU _bNLR _gpsbo |
|
| 801 | 1 |
_aRU _bELAR _2rusmarc |
|
| 801 | 2 |
_aRU _bNLR _c20180220 _2rusmarc |
|
| 852 |
_aNLR _j77-5/1648 |
||
| 899 |
_aRuMoRGB _jБ 77-8/395 |
||
| 899 |
_aRuMoRGB _jБ 77-8/396 |
||
| 942 | _cBOOK | ||
| 980 | _aNB | ||